Pathfinders for peace <a> report to the UN secretary-general on the role of special representatives and personal envoys
Gespeichert in:
| 1. Verfasser: | |
|---|---|
| Weitere Verfasser: | |
| Format: | Buch |
| Sprache: | Englisch |
| Veröffentlicht: |
Washington
Carnegie Corporation of New York
1997
|
| Schriftenreihe: | <A> Report of the Carnegie Commission on Preventing Deadly Conflict
|
| Schlagworte: | |
| Tags: |
Keine Tags, Fügen Sie das erste Tag hinzu!
|
MARC
| LEADER | 00000nam a2200000 4500 | ||
|---|---|---|---|
| 001 | c124192 | ||
| 005 | 20221124074838.1 | ||
| 041 | 0 | |a eng | |
| 044 | |a US | ||
| 245 | 1 | 0 | |a Pathfinders for peace |b <a> report to the UN secretary-general on the role of special representatives and personal envoys |c Cyrus R. Vance and David A. Hamburg |
| 264 | 1 | |a Washington |b Carnegie Corporation of New York |c 1997 | |
| 300 | |a 32 s. | ||
| 490 | 1 | |a <A> Report of the Carnegie Commission on Preventing Deadly Conflict | |
| 830 | 0 | |a <A> Report of the Carnegie Commission on Preventing Deadly Conflict | |
| 610 | 2 | 0 | |a diplomacia |
| 610 | 2 | 0 | |a práva ľudské |
| 610 | 2 | 0 | |a financovanie |
| 610 | 2 | 0 | |a štúdie prípadové |
| 610 | 2 | 0 | |a spolupráca medzinárodná |
| 610 | 2 | 0 | |a organizácie medzinárodné |
| 610 | 2 | 0 | |a konflikty medzinárodné |
| 610 | 2 | 0 | |a vojny |
| 610 | 2 | 0 | |a suverenita |
| 610 | 2 | 0 | |a OSN |
| 100 | 1 | |a Vance, Cyrus R. | |
| 700 | 1 | |a Hamburg, David A. | |